000 00239 a2200097 4500
001 55299
100 _a
245 _aCivilizations over five millennia
260 _aParis
_bEdition her mafestystatory
_c2006
090 _c34275
_d34275
942 _aNUST-CAE
_cMONOGRAPH
_c26975
999 _c290372
_d290372